Statystyki dla Wszystkie płyty Taco Hemingwaya

Kliknij tutaj aby rozwiązać quiz!

Ogólne statystyki

  • Ten quiz został rozwiązany 1 460 razy
    (1 151 od ostatniego zresetowania)
  • Średni wynik to 9 z 10

Statystyki odpowiedzi

RokNazwa albumu% Poprawnych
2020Jarmark
95%
2016Marmur
94%
2015Trójkąt Warszawski
93%
2018Cafe Belga
92%
2019Pocztówka z WWA
91%
2017Szprycer
89%
2018Soma
85%
2015Umowa o dzieło
82%
2016Wosk
79%
2018Flagey
67%

Rozkład punktacji

Percentyl według liczby udzielonych odpowiedzi

Procent ludzi z każdym wynikiem

Twoja historia wyników

Nie rozwiązałeś tego quizu od ostatniego zresetowania